| 000 | 00897 a2200205 4500 | ||
|---|---|---|---|
| 003 | Nust | ||
| 005 | 20230321113939.0 | ||
| 010 | _a 83006685 | ||
| 020 | _a0442222858 | ||
| 040 | _cNust | ||
| 082 | 0 | 0 | _a629.8312,ELB |
| 100 | 1 |
_aElbert, Theodore F. _9110804 |
|
| 245 | 1 | 0 |
_aEstimation and control of systems / _cTheodore F. Elbert. |
| 260 |
_aNew York : _bVan Nostrand Reinhold, _cc1984. |
||
| 300 |
_axix, 649 p. ; _c24 cm. |
||
| 505 | _aIntroduction (Page-1), Review of Probability and Statistical Inference (Page-8), Random Processes (Page-55), Basic Tenets of System Theory (Page-90), Modal Control of Linear Dynamic Systems (Page-148), Optimal Control of Dynamic Systems (Page-262), Optimal Estimation and Filtering (Page-365), Dynamic Programming as a System Optimization Technique (Page-497). | ||
| 650 | 0 | _aControl theory. | |
| 650 | 0 |
_aEstimation theory. _910694 |
|
| 942 |
_2ddc _cBK |
||
| 999 |
_c183920 _d183920 |
||